Prístupy k rozvoju, meraniu a hodnoteniu intelektuálneho kapitálu podniku

Pojem intelektuálny kapitál. Od pojmu nehmotný majetok k pojmu intelektuálny kapitál. Zložky intelektuálneho kapitálu. Rozvoj a význam intelektuálneho kapitálu. Ľudský kapitál ako potenciál tvorby hodnoty podniku. Hodnotenie pracovníkov ako súčasť rozvoja ľudského kapitálu podniku. Formy hodnotenia...

Full description

Saved in:
Bibliographic Details
Main Author: Horňák, František
Other Authors: Šefčíková, Miriam
Format: Book Chapter
Language:Slovak
Subjects:
Tags: Add Tag
No Tags, Be the first to tag this record!

MARC

LEADER 00000naa$a2200000$$$4500
001 0040982
005 20231013084308.6
041 0 |a slo 
044 |a SK 
245 1 0 |a Prístupy k rozvoju, meraniu a hodnoteniu intelektuálneho kapitálu podniku  |c František Horňák, Miriam Šefčíková 
520 |a Pojem intelektuálny kapitál. Od pojmu nehmotný majetok k pojmu intelektuálny kapitál. Zložky intelektuálneho kapitálu. Rozvoj a význam intelektuálneho kapitálu. Ľudský kapitál ako potenciál tvorby hodnoty podniku. Hodnotenie pracovníkov ako súčasť rozvoja ľudského kapitálu podniku. Formy hodnotenia pracovníkov. Predmet a kritéria hodnotenia pracovníkov. 
610 2 0 |a podnik 
610 2 0 |a majetok nehmotný 
610 2 0 |a pojmy 
610 2 0 |a hodnota podniku 
610 2 0 |a kapitál ľudský 
610 2 0 |a kapitál intelektuálny 
610 2 0 |a hodnotenie pracovné 
100 1 |a Horňák, František 
700 1 |a Šefčíková, Miriam